[Event "Pocos de Caldas op"]
[Site "Pocos de Caldas"]
[Date "2014.02.14"]
[Round "1"]
[White "Cubas, Jose Fernando"]
[Black "Sopko, Cassio Roberto"]
[Result "1-0"]
[WhiteElo "2479"]
[BlackElo "1885"]
[PlyCount "60"]
[EventDate "2014.02.14"]
[EventType "swiss"]
[EventRounds "6"]
[EventCountry "BRA"]
[SourceTitle "CBM 158 Extra"]
[Source "ChessBase"]
[SourceDate "2014.02.28"]
[SourceVersion "1"]
[SourceVersionDate "2014.02.28"]
[SourceQuality "1"]

1. e4 e5 2. Nf3 Nc6 3. Bc4 Nf6 4. d3 Bc5 5. Nc3 d6 6. Bg5 Be6 7. Nd5 Bxd5 8.
Bxd5 h6 9. Bxf6 Qxf6 10. c3 Nd8 11. d4 exd4 12. cxd4 Bb6 13. O-O O-O 14. a4 a5
15. Ra3 c6 16. Bc4 Bc7 17. Re1 Ne6 18. Rae3 Rab8 19. e5 dxe5 20. Nxe5 Bxe5 21.
dxe5 Qe7 22. Rd3 Rfd8 23. Rd6 Nf8 24. h3 Rd7 25. Rxd7 Qxd7 26. e6 Qxd1 27.
exf7+ Kh7 28. Rxd1 b5 29. axb5 cxb5 30. Bd5 Rd8 1-0

[Event "Pocos de Caldas op"]
[Site "Pocos de Caldas"]
[Date "2014.02.14"]
[Round "2"]
[White "Abdalla, Jose Lucas Aurelli"]
[Black "Cubas, Jose Fernando"]
[Result "1-0"]
[WhiteElo "2081"]
[BlackElo "2479"]
[PlyCount "61"]
[EventDate "2014.02.14"]
[EventType "swiss"]
[EventRounds "6"]
[EventCountry "BRA"]
[SourceTitle "CBM 158 Extra"]
[Source "ChessBase"]
[SourceDate "2014.02.28"]
[SourceVersion "1"]
[SourceVersionDate "2014.02.28"]
[SourceQuality "1"]

1. e4 c5 2. Nf3 Nc6 3. Bb5 Nf6 4. Bxc6 dxc6 5. e5 Nd5 6. O-O Bg4 7. h3 Bxf3 8.
Qxf3 e6 9. d3 Be7 10. Qg3 g5 11. a3 h5 12. c4 Nf4 13. Bxf4 gxf4 14. Qxf4 Qxd3
15. Nc3 Rg8 16. Kh1 Rg5 17. Rad1 Rf5 18. Qh6 Qxc4 19. f3 Bf8 20. Qh8 Qf4 21.
Ne4 Qxe5 22. Nd6+ Ke7 23. Nxf5+ Qxf5 24. Rd2 e5 25. Re1 Ke6 26. Rde2 f6 27.
Qg8+ Ke7 28. Rd2 b5 29. Red1 h4 30. Rd7+ Qxd7 31. Qh7+ 1-0

[Event "Pocos de Caldas op"]
[Site "Pocos de Caldas"]
[Date "2014.02.15"]
[Round "3"]
[White "Cubas, Jose Fernando"]
[Black "Pastana, Rafael Pedroni"]
[Result "1-0"]
[WhiteElo "2479"]
[BlackElo "1888"]
[PlyCount "65"]
[EventDate "2014.02.14"]
[EventType "swiss"]
[EventRounds "6"]
[EventCountry "BRA"]
[SourceTitle "CBM 158 Extra"]
[Source "ChessBase"]
[SourceDate "2014.02.28"]
[SourceVersion "1"]
[SourceVersionDate "2014.02.28"]
[SourceQuality "1"]

1. e4 c5 2. Nf3 d6 3. d4 cxd4 4. Nxd4 Nf6 5. Nc3 a6 6. Bc4 e6 7. Bb3 b5 8. O-O
Be7 9. Qf3 Qc7 10. Re1 O-O 11. Qg3 Nc6 12. Nxc6 Qxc6 13. Bh6 Ne8 14. Nd5 Bd8
15. a4 Bb7 16. Nf4 Kh8 17. Bg5 Nf6 18. axb5 axb5 19. Rxa8 Bxa8 20. Qh4 Qb6 21.
Nh5 Nxh5 22. Bxd8 Rxd8 23. Qxh5 Kg8 24. Qg5 d5 25. Rd1 d4 26. Qe5 h6 27. h4 Kf8
28. Rd3 f6 29. Qf4 e5 30. Qf5 Qb7 31. Qh7 Qxe4 32. Qg8+ Ke7 33. Qe6+ 1-0

[Event "Pocos de Caldas op"]
[Site "Pocos de Caldas"]
[Date "2014.02.15"]
[Round "4"]
[White "Carvalho, Celestino Jr"]
[Black "Cubas, Jose Fernando"]
[Result "0-1"]
[WhiteElo "2004"]
[BlackElo "2479"]
[PlyCount "40"]
[EventDate "2014.02.14"]
[EventType "swiss"]
[EventRounds "6"]
[EventCountry "BRA"]
[SourceTitle "CBM 158 Extra"]
[Source "ChessBase"]
[SourceDate "2014.02.28"]
[SourceVersion "1"]
[SourceVersionDate "2014.02.28"]
[SourceQuality "1"]

1. e4 c5 2. Nf3 d6 3. d4 cxd4 4. Qxd4 Bd7 5. Bg5 Nc6 6. Qd2 h6 7. Be3 Nf6 8.
Nc3 e6 9. Be2 Be7 10. O-O a6 11. Bf4 Qc7 12. Rfd1 Ne5 13. Nxe5 dxe5 14. Be3 b5
15. a3 Bc6 16. f3 O-O 17. Bf1 Rfc8 18. Ne2 Bxe4 19. fxe4 Ng4 20. b4 Rd8 0-1

[Event "Pocos de Caldas op"]
[Site "Pocos de Caldas"]
[Date "2014.02.16"]
[Round "5"]
[White "Cubas, Jose Fernando"]
[Black "Goncalves, Ivan Mesquita V"]
[Result "1/2-1/2"]
[WhiteElo "2479"]
[BlackElo "2169"]
[PlyCount "107"]
[EventDate "2014.02.14"]
[EventType "swiss"]
[EventRounds "6"]
[EventCountry "BRA"]
[SourceTitle "CBM 158 Extra"]
[Source "ChessBase"]
[SourceDate "2014.02.28"]
[SourceVersion "1"]
[SourceVersionDate "2014.02.28"]
[SourceQuality "1"]

1. e4 c5 2. Nf3 d6 3. d4 cxd4 4. Nxd4 Nf6 5. Nc3 Nc6 6. Bg5 e6 7. Qd2 a6 8.
O-O-O Be7 9. f3 Nxd4 10. Qxd4 b5 11. h4 Qc7 12. Be3 Bb7 13. Kb1 O-O 14. g4 Rac8
15. g5 Nh5 16. Bh3 Qa5 17. Bg4 g6 18. Bxh5 gxh5 19. Ne2 Rc4 20. Qd2 Qxd2 21.
Rxd2 d5 22. Nf4 Rd8 23. Rhd1 Rdc8 24. exd5 exd5 25. Bd4 Bc5 26. c3 Bxd4 27.
Rxd4 Re8 28. Nxh5 Re2 29. f4 Rh2 30. Re1 Kf8 31. Nf6 Rc8 32. h5 Kg7 33. h6+ Kg6
34. Nxd5 Rc5 35. Nf6 Bc8 36. a4 Bf5+ 37. Ka2 Be6+ 38. Ka3 bxa4 39. Rxa4 Rb5 40.
Rxe6 fxe6 41. Rxa6 Rh1 42. Ka2 Rh2 43. Rxe6 Rhxb2+ 44. Ka3 R5b3+ 45. Ka4 Kf5
46. Re7 Rb1 47. Nd5 Rb7 48. Re5+ Kg4 49. Nb4 Kxf4 50. Rc5 Rg1 51. Nd3+ Ke4 52.
Nb4 Kf4 53. Nd3+ Ke4 54. Nb4 1/2-1/2

[Event "Pocos de Caldas op"]
[Site "Pocos de Caldas"]
[Date "2014.02.16"]
[Round "6"]
[White "Ueti, Silvio Shigeo"]
[Black "Cubas, Jose Fernando"]
[Result "1-0"]
[WhiteElo "2136"]
[BlackElo "2479"]
[PlyCount "59"]
[EventDate "2014.02.14"]
[EventType "swiss"]
[EventRounds "6"]
[EventCountry "BRA"]
[SourceTitle "CBM 158 Extra"]
[Source "ChessBase"]
[SourceDate "2014.02.28"]
[SourceVersion "1"]
[SourceVersionDate "2014.02.28"]
[SourceQuality "1"]

1. e4 c5 2. Nc3 Nc6 3. f4 g6 4. Nf3 Bg7 5. g3 e6 6. Bg2 d5 7. e5 a6 8. d4 cxd4
9. Nxd4 Nxd4 10. Qxd4 Ne7 11. Bd2 O-O 12. O-O-O f6 13. exf6 Bxf6 14. Qd3 Bd7
15. h4 Rc8 16. h5 Bg7 17. hxg6 hxg6 18. g4 d4 19. Ne4 Qc7 20. Ng5 Rxf4 21. Bxf4
Qxf4+ 22. Qd2 Qe5 23. Rde1 Qb5 24. Nxe6 d3 25. c3 Be5 26. Nd4 Bxd4 27. Rxe7 Bf6
28. Kb1 Bxe7 29. Qh6 Qg5 30. Bd5+ 1-0

[Event "Ribeirao Preto op"]
[Site "Ribeirao Preto"]
[Date "2014.04.04"]
[Round "1"]
[White "Cubas, Jose Fernando"]
[Black "Dos Santos, Agildo Silva"]
[Result "1-0"]
[WhiteElo "2460"]
[BlackElo "1594"]
[PlyCount "31"]
[EventDate "2014.04.04"]
[EventType "swiss"]
[EventRounds "6"]
[EventCountry "BRA"]
[SourceTitle "CBM 159 Extra"]
[Source "ChessBase"]
[SourceDate "2014.04.24"]
[SourceVersion "1"]
[SourceVersionDate "2014.04.24"]
[SourceQuality "1"]

1. e4 c6 2. d4 d5 3. e5 Bf5 4. h4 h6 5. g4 Bh7 6. e6 Nf6 7. Bd3 Bxd3 8. Qxd3
Nxg4 9. Nf3 h5 10. Ng5 Nh6 11. exf7+ Kd7 12. Qh3+ e6 13. Qxe6+ Kc7 14. Bf4+ Kb6
15. Nc3 Qe7 16. Nxd5+ 1-0

[Event "Ribeirao Preto op"]
[Site "Ribeirao Preto"]
[Date "2014.04.04"]
[Round "2"]
[White "De Sousa, Gilmar Ferreira"]
[Black "Cubas, Jose Fernando"]
[Result "0-1"]
[WhiteElo "1832"]
[BlackElo "2460"]
[PlyCount "72"]
[EventDate "2014.04.04"]
[EventType "swiss"]
[EventRounds "6"]
[EventCountry "BRA"]
[SourceTitle "CBM 159 Extra"]
[Source "ChessBase"]
[SourceDate "2014.04.24"]
[SourceVersion "1"]
[SourceVersionDate "2014.04.24"]
[SourceQuality "1"]

1. e4 c5 2. Nf3 d6 3. d4 cxd4 4. Nxd4 Nf6 5. Nc3 a6 6. Bg5 e6 7. Be2 Be7 8. O-O
O-O 9. Qd2 Nbd7 10. Be3 Qc7 11. f4 b5 12. a3 Bb7 13. Bf3 Rfd8 14. Qf2 Rac8 15.
Rac1 Nc5 16. e5 dxe5 17. fxe5 Qxe5 18. Bxb7 Nxb7 19. Nf3 Qh5 20. h3 Nd6 21. Nd2
Nc4 22. Nxc4 Rxc4 23. Qf3 Qxf3 24. Rxf3 Bxa3 25. Nd1 Bc5 26. c3 a5 27. Kh1 Bxe3
28. Rxe3 Re4 29. Kg1 h5 30. Kf2 Rd2+ 31. Kf3 Rxe3+ 32. Kxe3 Rxg2 33. Nf2 Rg3+
34. Kd4 Rf3 35. Rf1 g5 36. Kc5 Rxf2 0-1

[Event "Ribeirao Preto op"]
[Site "Ribeirao Preto"]
[Date "2014.04.05"]
[Round "3"]
[White "Cubas, Jose Fernando"]
[Black "Katayama, Pedro Lourenco"]
[Result "1-0"]
[WhiteElo "2460"]
[BlackElo "1975"]
[PlyCount "69"]
[EventDate "2014.04.04"]
[EventType "swiss"]
[EventRounds "6"]
[EventCountry "BRA"]
[SourceTitle "CBM 159 Extra"]
[Source "ChessBase"]
[SourceDate "2014.04.24"]
[SourceVersion "1"]
[SourceVersionDate "2014.04.24"]
[SourceQuality "1"]

1. e4 Nf6 2. e5 Nd5 3. d4 d6 4. c4 Nb6 5. exd6 cxd6 6. Nc3 g6 7. Be3 Bg7 8. Rc1
Nc6 9. b3 O-O 10. d5 Ne5 11. Be2 f5 12. f4 Nf7 13. Nf3 e6 14. dxe6 Bxe6 15. O-O
Re8 16. Bd4 Bh6 17. Qd2 Nd7 18. h4 Nde5 19. Ng5 Nc6 20. Bf2 Qa5 21. Rfd1 Bg7
22. Nb5 Qxd2 23. Rxd2 Nxg5 24. hxg5 Rad8 25. Nxa7 Nxa7 26. Bxa7 Ra8 27. Bf2 d5
28. cxd5 Bxd5 29. Bb5 Bc6 30. Bxc6 bxc6 31. Rxc6 Red8 32. Rxd8+ Rxd8 33. a4
Rd1+ 34. Kh2 Rb1 35. a5 1-0

[Event "Ribeirao Preto op"]
[Site "Ribeirao Preto"]
[Date "2014.04.05"]
[Round "4"]
[White "Brandao, Renan Alves"]
[Black "Cubas, Jose Fernando"]
[Result "0-1"]
[WhiteElo "2060"]
[BlackElo "2460"]
[PlyCount "72"]
[EventDate "2014.04.04"]
[EventType "swiss"]
[EventRounds "6"]
[EventCountry "BRA"]
[SourceTitle "CBM 159 Extra"]
[Source "ChessBase"]
[SourceDate "2014.04.24"]
[SourceVersion "1"]
[SourceVersionDate "2014.04.24"]
[SourceQuality "1"]

1. d4 Nf6 2. Nf3 d5 3. c4 c6 4. Nbd2 Bf5 5. Nh4 Be6 6. e3 g6 7. Qb3 Qb6 8. c5
Qc7 9. Qc2 Bg7 10. Bd3 O-O 11. f4 b6 12. b4 a5 13. cxb6 Qxb6 14. bxa5 Qxa5 15.
O-O Qa7 16. Nb3 Ne4 17. Bd2 Nd7 18. f5 gxf5 19. Nxf5 Bxf5 20. Rxf5 e6 21. Rff1
Ndf6 22. Bb4 Rfb8 23. Bc5 Qc7 24. Bxe4 Nxe4 25. Rfb1 Ra4 26. Rc1 Rba8 27. a3
Nxc5 28. Qxc5 R8a6 29. Qc3 Rxa3 30. Qb2 Rxa1 31. Rxa1 Rxa1+ 32. Qxa1 Qb8 33.
Qa4 Bh6 34. Kf2 Qxh2 35. Qa8+ Kg7 36. Qxc6 Bxe3+ 0-1

[Event "Ribeirao Preto op"]
[Site "Ribeirao Preto"]
[Date "2014.04.06"]
[Round "5"]
[White "Cubas, Jose Fernando"]
[Black "Molina, Roberto Junio Brito"]
[Result "1-0"]
[WhiteElo "2460"]
[BlackElo "2432"]
[PlyCount "105"]
[EventDate "2014.04.04"]
[EventType "swiss"]
[EventRounds "6"]
[EventCountry "BRA"]
[SourceTitle "CBM 159 Extra"]
[Source "ChessBase"]
[SourceDate "2014.04.24"]
[SourceVersion "1"]
[SourceVersionDate "2014.04.24"]
[SourceQuality "1"]

1. e4 c5 2. Nf3 d6 3. d4 cxd4 4. Nxd4 Nf6 5. Nc3 g6 6. Be3 Bg7 7. f3 a6 8. Bc4
Nbd7 9. Qd2 b5 10. Bb3 Bb7 11. Bh6 Bxh6 12. Qxh6 Nc5 13. O-O-O e5 14. Nde2
Nxb3+ 15. axb3 b4 16. Na4 Qc7 17. Kb1 d5 18. Qg7 Ke7 19. exd5 Bxd5 20. Rhe1 Be6
21. f4 h6 22. Nd4 exd4 23. Rxe6+ Kxe6 24. Re1+ Kf5 25. Re5+ Qxe5 26. fxe5 Kxe5
27. Nc5 Rh7 28. Nd7+ Kd6 29. Qxf6+ Kxd7 30. Qxd4+ Kc7 31. Qc5+ Kb7 32. Qxb4+
Kc7 33. Qc4+ Kb7 34. Qd5+ Kb8 35. Qd8+ Kb7 36. Qd7+ Kb8 37. b4 Rh8 38. Qxf7 Ra7
39. Qxg6 h5 40. Qd6+ Ka8 41. Qc6+ Kb8 42. Qb6+ Ka8 43. g3 h4 44. gxh4 Rah7 45.
Qxa6+ Kb8 46. Qb6+ Kc8 47. Qc6+ Kb8 48. b5 Rxh4 49. b6 R8h7 50. c4 Rxh2 51.
Qd6+ Kb7 52. c5 R2h5 53. Qe6 1-0

[Event "Ribeirao Preto op"]
[Site "Ribeirao Preto"]
[Date "2014.04.06"]
[Round "6"]
[White "Da Silva, Lindolfo Luiz"]
[Black "Cubas, Jose Fernando"]
[Result "1/2-1/2"]
[WhiteElo "2184"]
[BlackElo "2460"]
[PlyCount "171"]
[EventDate "2014.04.04"]
[EventType "swiss"]
[EventRounds "6"]
[EventCountry "BRA"]
[SourceTitle "CBM 159 Extra"]
[Source "ChessBase"]
[SourceDate "2014.04.24"]
[SourceVersion "1"]
[SourceVersionDate "2014.04.24"]
[SourceQuality "1"]

1. d4 Nf6 2. Nf3 e6 3. c4 c5 4. d5 exd5 5. cxd5 g6 6. Nc3 d6 7. g3 Bg7 8. Bg2
O-O 9. O-O Re8 10. Nd2 b6 11. a4 Ba6 12. Nb5 Nbd7 13. Nc4 Bxb5 14. axb5 Ne5 15.
Nxe5 Rxe5 16. Bf4 Re7 17. Bf3 Qd7 18. Qd3 Ne8 19. Rab1 a5 20. bxa6 b5 21. Bg5
f6 22. Bd2 f5 23. Bc3 Rxa6 24. Ra1 Qa7 25. b3 Bxc3 26. Qxc3 b4 27. Rxa6 Qxa6
28. Qc2 Kf7 29. h4 Nf6 30. h5 Ra7 31. e4 Qc8 32. hxg6+ hxg6 33. Re1 Re7 34. Re3
fxe4 35. Bxe4 Kg7 36. Bf5 Qd8 37. Be6 Qa5 38. g4 Qa1+ 39. Kg2 Re8 40. Qd2 Rh8
41. Re1 Qc3 42. Qxc3 bxc3 43. Re3 c2 44. Rc3 Rb8 45. Rxc2 Rxb3 46. Ra2 Rd3 47.
Ra7+ Kh6 48. f4 g5 49. Rf7 Nxd5 50. fxg5+ Kg6 51. Rf8 Ne3+ 52. Kf2 Kxg5 53. Ke2
Ra3 54. Rf3 Nc2 55. Rxa3 Nxa3 56. Kd3 Kf4 57. Kc3 Ke5 58. Bd7 d5 59. g5 Nc4 60.
g6 Nd6 61. g7 Ne4+ 62. Kb3 Nf6 63. Be8 Ke6 64. Bc6 Ng8 65. Kc3 Ne7 66. Kb3 Kd6
67. Be8 Ke6 68. Bc6 Ng8 69. Kc3 Nf6 70. Kb3 Kd6 71. Be8 Ke6 72. Bc6 c4+ 73. Kb4
Ke5 74. Be8 Kd4 75. Bb5 c3 76. Kb3 Kc5 77. Bd3 d4 78. Bh7 Kd5 79. g8=Q+ Nxg8
80. Bxg8+ Ke4 81. Bh7+ Ke3 82. Kc2 Ke2 83. Bd3+ Ke3 84. Bh7 Ke2 85. Bd3+ Ke3
86. Bh7 1/2-1/2

[Event "Cuiaba Contaud op"]
[Site "Cuiaba"]
[Date "2014.05.01"]
[Round "1"]
[White "Cubas, Jose Fernando"]
[Black "Gatelli, Jacson Henrique"]
[Result "1-0"]
[WhiteElo "2465"]
[BlackElo "1909"]
[PlyCount "51"]
[EventDate "2014.05.01"]
[EventType "swiss"]
[EventRounds "6"]
[EventCountry "BRA"]
[SourceTitle "CBM 160 Extra"]
[Source "ChessBase"]
[SourceDate "2014.07.01"]
[SourceVersion "1"]
[SourceVersionDate "2014.07.01"]
[SourceQuality "1"]

1. e4 d5 2. exd5 Qxd5 3. Nc3 Qa5 4. d4 c6 5. Nf3 Nf6 6. Bd2 Qc7 7. Bc4 e6 8.
Qe2 Be7 9. O-O-O Nbd7 10. g4 b5 11. Bd3 b4 12. Ne4 Nd5 13. g5 a5 14. h4 Nf4 15.
Bxf4 Qxf4+ 16. Kb1 a4 17. h5 b3 18. cxb3 axb3 19. axb3 Qb8 20. Bc4 Nb6 21. g6
Qa7 22. gxf7+ Kf8 23. Ne5 Nxc4 24. Qxc4 Qa2+ 25. Kc2 Ba6 26. Qc3 1-0

[Event "Cuiaba Contaud op"]
[Site "Cuiaba"]
[Date "2014.05.02"]
[Round "2"]
[White "Farias, Sergio Roberto Alve"]
[Black "Cubas, Jose Fernando"]
[Result "0-1"]
[WhiteElo "2065"]
[BlackElo "2465"]
[PlyCount "118"]
[EventDate "2014.05.01"]
[EventType "swiss"]
[EventRounds "6"]
[EventCountry "BRA"]
[SourceTitle "CBM 160 Extra"]
[Source "ChessBase"]
[SourceDate "2014.07.01"]
[SourceVersion "1"]
[SourceVersionDate "2014.07.01"]
[SourceQuality "1"]

1. d4 d5 2. c4 Nc6 3. cxd5 Qxd5 4. e3 e5 5. Nc3 Bb4 6. Bd2 Bxc3 7. bxc3 Nf6 8.
c4 Qd6 9. d5 Ne7 10. Qa4+ Nd7 11. Bb4 Qf6 12. Rd1 O-O 13. d6 Nc6 14. Ba3 cxd6
15. Rxd6 Qf5 16. Qd1 Re8 17. g4 Qe4 18. Nf3 Nd4 19. Be2 Nxe2 20. Qxe2 Nb6 21.
Rg1 Qxc4 22. Qb2 Bxg4 23. Nxe5 Rxe5 24. Rd4 Qe2+ 25. Qxe2 Bxe2 26. Kxe2 Ra5 27.
Be7 Rxa2+ 28. Kf3 f5 29. Bc5 Rc2 30. Bxb6 axb6 31. Rd7 g6 32. Rxb7 Raa2 33. Rd1
Rxf2+ 34. Kg3 Rfd2 35. Rc1 Rg2+ 36. Kf4 Rg4+ 37. Kf3 Ra8 38. Rcc7 Rh4 39. Kg3
Rh5 40. h4 Re8 41. Re7 Rxe7 42. Rxe7 Kf8 43. Rb7 b5 44. Kh3 f4 45. exf4 Ke8 46.
f5 Rxf5 47. Rxh7 Rf7 48. Rh8+ Kd7 49. Rg8 Rf6 50. Kg4 Rb6 51. Kg5 b4 52. Rf8 b3
53. Rf1 b2 54. Rb1 Ke7 55. h5 gxh5 56. Kf4 Rb3 57. Ke4 h4 58. Kd4 h3 59. Kc4
Rb6 0-1

[Event "Cuiaba Contaud op"]
[Site "Cuiaba"]
[Date "2014.05.02"]
[Round "3"]
[White "Cubas, Jose Fernando"]
[Black "Sztokbant, Bernardo Vainzoff"]
[Result "1-0"]
[WhiteElo "2465"]
[BlackElo "2257"]
[PlyCount "99"]
[EventDate "2014.05.01"]
[EventType "swiss"]
[EventRounds "6"]
[EventCountry "BRA"]
[SourceTitle "CBM 160 Extra"]
[Source "ChessBase"]
[SourceDate "2014.07.01"]
[SourceVersion "1"]
[SourceVersionDate "2014.07.01"]
[SourceQuality "1"]

1. e4 e5 2. Nf3 Nc6 3. Bc4 Bc5 4. c3 Nf6 5. d3 d6 6. h3 O-O 7. Nbd2 a6 8. Bb3
Be6 9. Nf1 d5 10. Qe2 dxe4 11. dxe4 Qe7 12. Ng3 Bxb3 13. axb3 Qe6 14. b4 Bb6
15. O-O h6 16. Nd2 Rad8 17. b5 axb5 18. Qxb5 Ne8 19. Nc4 Nd6 20. Nxd6 Qxd6 21.
Nf5 Qd3 22. Qxd3 Rxd3 23. Be3 Bxe3 24. Nxe3 Ne7 25. Ra5 f6 26. Rfa1 Rd2 27. Rb5
b6 28. Ra7 Rc8 29. Kf1 Kf8 30. Ke1 Rdd8 31. Rb3 Nc6 32. Ra1 Ne7 33. Rba3 Kf7
34. b4 Ke6 35. Ke2 g6 36. b5 f5 37. f3 Rd7 38. Ra8 Rdd8 39. R8a7 Rd7 40. Rb7
Rcd8 41. Nc4 Nc8 42. Ra8 fxe4 43. Rbb8 exf3+ 44. gxf3 Nd6 45. Rxd8 Rxd8 46.
Rxd8 Nxc4 47. Rg8 Kf6 48. Rc8 Nd6 49. Rxc7 Nxb5 50. Rc6+ 1-0

[Event "Cuiaba Contaud op"]
[Site "Cuiaba"]
[Date "2014.05.03"]
[Round "4"]
[White "El Debs, Felipe de Cresce"]
[Black "Cubas, Jose Fernando"]
[Result "1-0"]
[WhiteElo "2511"]
[BlackElo "2465"]
[PlyCount "69"]
[EventDate "2014.05.01"]
[EventType "swiss"]
[EventRounds "6"]
[EventCountry "BRA"]
[SourceTitle "CBM 160 Extra"]
[Source "ChessBase"]
[SourceDate "2014.07.01"]
[SourceVersion "1"]
[SourceVersionDate "2014.07.01"]
[SourceQuality "1"]

1. Nf3 d5 2. d4 Nf6 3. c4 c6 4. cxd5 cxd5 5. Nc3 Nc6 6. e3 Ne4 7. Nxe4 dxe4 8.
Nd2 e5 9. Bc4 exd4 10. exd4 Qxd4 11. Qb3 Bc5 12. Bxf7+ Ke7 13. O-O Na5 14. Qd5
Rd8 15. Qh5 g6 16. Qh4+ Kxf7 17. Nxe4 Be7 18. Bg5 Bxg5 19. Nxg5+ Kf6 20. Ne4+
Kg7 21. Qe7+ Kh6 22. Qg5+ Kg7 23. Qxa5 b6 24. Qg5 Rf8 25. Nc3 Rf5 26. Qg3 Qb4
27. Qc7+ Kh6 28. Rae1 Qc5 29. Qg3 Ba6 30. Ne4 Qd4 31. Qh4+ Rh5 32. Qf4+ g5 33.
Qf3 Bxf1 34. Ng3 g4 35. Re6+ 1-0

[Event "Cuiaba Contaud op"]
[Site "Cuiaba"]
[Date "2014.05.03"]
[Round "5"]
[White "Cubas, Jose Fernando"]
[Black "Barata, Adriano Albiani"]
[Result "1-0"]
[WhiteElo "2465"]
[BlackElo "2157"]
[PlyCount "55"]
[EventDate "2014.05.01"]
[EventType "swiss"]
[EventRounds "6"]
[EventCountry "BRA"]
[SourceTitle "CBM 160 Extra"]
[Source "ChessBase"]
[SourceDate "2014.07.01"]
[SourceVersion "1"]
[SourceVersionDate "2014.07.01"]
[SourceQuality "1"]

1. e4 d6 2. d4 Nf6 3. Nc3 g6 4. Nf3 c6 5. a4 Bg7 6. h3 O-O 7. Be3 Nbd7 8. a5
Qc7 9. Nd2 b5 10. axb6 Nxb6 11. Be2 Nfd7 12. O-O a5 13. Qc1 Bb7 14. Nf3 Rfe8
15. Rd1 c5 16. d5 a4 17. Qd2 Ba6 18. Ra3 Bxe2 19. Qxe2 Qb7 20. Rda1 Qa6 21. Qe1
Qc4 22. Bd2 e6 23. dxe6 fxe6 24. Qf1 Qxf1+ 25. Kxf1 Nc4 26. Rxa4 Rxa4 27. Rxa4
Nxd2+ 28. Nxd2 1-0

[Event "Cuiaba Contaud op"]
[Site "Cuiaba"]
[Date "2014.05.04"]
[Round "6"]
[White "Leitao, Rafael Duailibe"]
[Black "Cubas, Jose Fernando"]
[Result "1-0"]
[WhiteElo "2645"]
[BlackElo "2465"]
[PlyCount "42"]
[EventDate "2014.05.01"]
[EventType "swiss"]
[EventRounds "6"]
[EventCountry "BRA"]
[SourceTitle "CBM 160 Extra"]
[Source "ChessBase"]
[SourceDate "2014.07.01"]
[SourceVersion "1"]
[SourceVersionDate "2014.07.01"]
[SourceQuality "1"]

1. d4 d5 2. c4 c6 3. Nf3 Nf6 4. e3 Bg4 5. Qb3 Qc7 6. Ne5 Be6 7. Nc3 Nbd7 8.
Nxd7 Qxd7 9. cxd5 Nxd5 10. Bc4 b5 11. Nxb5 Rb8 12. e4 Nf6 13. Qg3 Rxb5 14. Bxb5
cxb5 15. d5 Bg4 16. f3 Bh5 17. Qb8+ Qd8 18. Qxb5+ Nd7 19. Be3 g5 20. e5 e6 21.
dxe6 fxe6 1-0

[Event "Rio Claro op"]
[Site "Rio Claro"]
[Date "2014.05.16"]
[Round "1"]
[White "Tasoko, Toshinobu"]
[Black "Cubas, Jose Fernando"]
[Result "0-1"]
[WhiteElo "1862"]
[BlackElo "2465"]
[PlyCount "55"]
[EventDate "2014.05.16"]
[EventType "swiss"]
[EventRounds "6"]
[EventCountry "BRA"]
[SourceTitle "CBM 160 Extra"]
[Source "ChessBase"]
[SourceDate "2014.07.01"]
[SourceVersion "1"]
[SourceVersionDate "2014.07.01"]
[SourceQuality "1"]

1. e4 c5 2. Nf3 d6 3. d4 cxd4 4. Nxd4 Nf6 5. Nc3 a6 6. f3 e5 7. Nb3 Be6 8. Be3
Nbd7 9. Qd2 Rc8 10. Nd5 Bxd5 11. exd5 Nb6 12. Bxb6 Qxb6 13. c4 Be7 14. O-O-O
O-O 15. Kb1 Bd8 16. Bd3 a5 17. Rhe1 a4 18. Nc1 e4 19. fxe4 Ng4 20. Re2 Ne5 21.
Qc2 Qa5 22. Re3 b5 23. Bf1 Bf6 24. Ra3 Nxc4 25. Bxc4 Rxc4 26. Qe2 Rfc8 27. Nd3
b4 28. b3 0-1

[Event "Rio Claro op"]
[Site "Rio Claro"]
[Date "2014.05.16"]
[Round "2"]
[White "Cubas, Jose Fernando"]
[Black "Costa, Paulo Cesar"]
[Result "1-0"]
[WhiteElo "2465"]
[BlackElo "2025"]
[PlyCount "93"]
[EventDate "2014.05.16"]
[EventType "swiss"]
[EventRounds "6"]
[EventCountry "BRA"]
[SourceTitle "CBM 160 Extra"]
[Source "ChessBase"]
[SourceDate "2014.07.01"]
[SourceVersion "1"]
[SourceVersionDate "2014.07.01"]
[SourceQuality "1"]

1. e4 e6 2. d4 d5 3. e5 c5 4. c3 Qb6 5. Nf3 Bd7 6. Be2 cxd4 7. cxd4 Bb5 8. Nc3
Bxe2 9. Nxe2 Bb4+ 10. Kf1 Nd7 11. Qd3 Qa6 12. Qxa6 bxa6 13. Nf4 Ne7 14. Nd3 Ba5
15. Ke2 O-O 16. Be3 Rab8 17. Rhc1 Rfc8 18. Rxc8+ Rxc8 19. Bd2 Bxd2 20. Kxd2 f6
21. Re1 Kf7 22. exf6 gxf6 23. g4 h6 24. h4 Ng6 25. g5 hxg5 26. hxg5 Ngf8 27.
Nf4 Rc6 28. gxf6 Kxf6 29. Rg1 a5 30. Nh5+ Ke7 31. Ne5 Rb6 32. Kc2 Nxe5 33. dxe5
Nd7 34. f4 Rc6+ 35. Kd3 a6 36. Rg7+ Ke8 37. b3 Nc5+ 38. Kd4 Nd7 39. Nf6+ Nxf6
40. exf6 Kf8 41. Ke5 Rb6 42. Rc7 a4 43. bxa4 a5 44. f5 exf5 45. Kxf5 Rd6 46.
Kg6 Rd8 47. Rh7 1-0

[Event "Rio Claro op"]
[Site "Rio Claro"]
[Date "2014.05.17"]
[Round "3"]
[White "Languidey, Simon Alejandro"]
[Black "Cubas, Jose Fernando"]
[Result "0-1"]
[WhiteElo "2314"]
[BlackElo "2465"]
[PlyCount "106"]
[EventDate "2014.05.16"]
[EventType "swiss"]
[EventRounds "6"]
[EventCountry "BRA"]
[SourceTitle "CBM 160 Extra"]
[Source "ChessBase"]
[SourceDate "2014.07.01"]
[SourceVersion "1"]
[SourceVersionDate "2014.07.01"]
[SourceQuality "1"]

1. e4 c5 2. Nc3 Nc6 3. g3 g6 4. Bg2 Bg7 5. d3 e6 6. Be3 d6 7. Qd2 Qa5 8. Nf3
Nd4 9. O-O Ne7 10. Rac1 Bd7 11. a3 Qb6 12. Rb1 Rc8 13. Bh6 O-O 14. h4 Bxh6 15.
Qxh6 f6 16. Qd2 e5 17. Kh2 Rf7 18. Ng1 Qa5 19. f4 b5 20. Rf2 Qb6 21. Nd1 exf4
22. Qxf4 Rcf8 23. Nh3 Kg7 24. Qd2 Bxh3 25. Bxh3 f5 26. c3 Nb3 27. Qe2 c4 28.
dxc4 bxc4 29. exf5 Nxf5 30. Bxf5 Rxf5 31. Rxf5 Rxf5 32. Qe7+ Rf7 33. Qe3 Qb7
34. Nf2 Re7 35. Qf4 Re2 36. Kg1 Qd5 37. Kf1 Rc2 38. Kg1 Nd2 39. Rd1 h5 40. Qe3
Qe5 41. Qxe5+ dxe5 42. Nh3 Nf3+ 43. Kf1 e4 44. Rd7+ Kf6 45. Nf4 Nh2+ 46. Ke1
Kf5 47. Nd5 Nf3+ 48. Kd1 Rd2+ 49. Kc1 Ke6 50. Re7+ Kxd5 51. Rd7+ Ke5 52. Rxd2
Nxd2 53. Kxd2 Kf5 0-1